[Event "IRI zt"]
[Site "Iran"]
[Date "2000.??.??"]
[Round "3"]
[White "Karimi, Hamid"]
[Black "Rezaei, Reza"]
[Result "1-0"]
[WhiteElo "2128"]
[BlackElo "2220"]
[EventDate "2000.??.??"]
[PlyCount "111"]

1.e4 c5 2.c3 e6 3.d4 d5 4.exd5 Qxd5 5.Nf3 Nf6 6.Bd3 Be7 7.O-O O-O 8.Re1 
Nc6 9.Be3 Rd8 10.Qe2 cxd4 11.cxd4 Qh5 12.Nc3 Nb4 13.Bc4 Bd7 14.Ne5 Qxe2 
15.Rxe2 Rac8 16.Bb3 Be8 17.d5 exd5 18.Bxa7 d4 19.Nd1 Bc5 20.Bxc5 Rxc5 21.
a3 d3 22.Re3 Nc2 23.Rc1 Rxe5 24.Rxe5 Nd4 25.Bc4 d2 26.Rc3 b5 27.Bf1 b4 28.
axb4 Ba4 29.Be2 g6 30.Kf1 Nd5 31.Rd3 Nf4 32.Rxd2 Nfxe2 33.Rexe2 Bb5 34.Nc3
Bc4 35.Ke1 Bxe2 36.Nxe2 Ne6 37.Rxd8+ Nxd8 38.Kd2 Kf8 39.Kd3 Ke7 40.Kc4 Kd6
41.Nd4 Nb7 42.Nb3 Ke5 43.Nd2 Kd6 44.b3 Kc6 45.b5+ Kb6 46.Kb4 Nd8 47.Nc4+ 
Kc7 48.Ka5 Nb7+ 49.Ka6 Nc5+ 50.Ka7 Nxb3 51.b6+ Kd7 52.b7 Nd4 53.Ne5+ Ke6 
54.b8=Q f6 55.Qe8+ Kf5 56.Nc4 1-0

[Event "IRI zt"]
[Site "Iran"]
[Date "2000.??.??"]
[Round "3"]
[White "Mallahi, Amir"]
[Black "Bagheri, Amir"]
[Result "1/2-1/2"]
[WhiteElo "2350"]
[BlackElo "2403"]
[EventDate "2000.??.??"]
[PlyCount "178"]

1.e4 c6 2.d4 d5 3.exd5 cxd5 4.c4 Nf6 5.Nc3 e6 6.Nf3 Be7 7.a3 dxc4 8.Bxc4 
Nbd7 9.O-O Nb6 10.Bd3 Bd7 11.Ne5 Bc6 12.Nxc6 bxc6 13.Qf3 Nbd5 14.Bg5 Qb6 
15.Rac1 Qxd4 16.Rfd1 Qb6 17.Na4 Qb7 18.Rc2 h6 19.Bh4 Nd7 20.Bxe7 Kxe7 21.
Re1 Rac8 22.Qg3 Qb3 23.Nc3 Nxc3 24.Rxc3 Qxb2 25.Ba6 Rb8 26.Rxc6 Rhd8 27.
Bc4 Nf8 28.h3 Rd7 29.Qe3 Qd4 30.Qg3 Rb2 31.a4 g5 32.Bf1 Ng6 33.Rc4 Qd6 34.
Qc3 Rd2 35.Rc6 Qd4 36.Qa3+ Kf6 37.Re3 Rd1 38.Rc1 Rxc1 39.Qxc1 Qxa4 40.Qb2+
Qd4 41.Qa3 Rc7 42.Rd3 Qb6 43.Qa1+ e5 44.Ra3 Kg7 45.Ra6 Qc5 46.Ra5 Qe7 47.
g3 f6 48.Ra4 Nf8 49.h4 Ne6 50.h5 Nd4 51.Bc4 f5 52.Qb2 Rb7 53.Qa2 g4 54.Ra6
Qb4 55.Rxa7 Qb6 56.Rxb7+ Qxb7 57.Bd5 Qd7 58.Qa8 Ne6 59.Bc6 Qf7 60.Qb8 Kf6 
61.Bd5 Qf8 62.Qb6 Qe7 63.Qe3 Qf8 64.Qb6 Qe8 65.Ba2 Qd7 66.Qe3 f4 67.Qe4 
fxg3 68.Qg6+ Ke7 69.Qh7+ Kd6 70.Qd3+ Nd4 71.fxg3 Qa4 72.Bb1 Qa1 73.Kf2 
Qb2+ 74.Kf1 Kc5 75.Qe4 Qc1+ 76.Kf2 Qg5 77.Qd3 Kb4 78.Ba2 Qxh5 79.Bd5 Kc5 
80.Be4 Qf7+ 81.Kg2 Qa2+ 82.Kf1 Qa1+ 83.Kf2 Qb2+ 84.Kg1 Qa1+ 85.Kf2 Kd6 86.
Bg2 Qb2+ 87.Kg1 Qc1+ 88.Kh2 Qc2 89.Qa6+ Kc5 1/2-1/2

[Event "IRI zt"]
[Site "Iran"]
[Date "2000.??.??"]
[Round "4"]
[White "Akbarinia, Sayed Arash"]
[Black "Bagheri, Amir"]
[Result "0-1"]
[WhiteElo "2173"]
[BlackElo "2403"]
[EventDate "2000.??.??"]
[PlyCount "104"]

1.c4 Nf6 2.Nc3 e5 3.Nf3 Nc6 4.d4 exd4 5.Nxd4 Bb4 6.Nc2 Bxc3+ 7.bxc3 O-O 8.
Bg5 Qe7 9.Ne3 Qe5 10.Bxf6 Qxf6 11.Nd5 Qd8 12.e3 d6 13.Bd3 Ne5 14.Qc2 c6 
15.Nf4 g6 16.h4 Qf6 17.h5 Be6 18.hxg6 hxg6 19.Nxe6 Qxe6 20.O-O-O a6 21.f4 
Nd7 22.Rh3 Kg7 23.f5 Qf6 24.Rf1 g5 25.Qd2 Ne5 26.Be2 b5 27.Rg3 Rg8 28.e4 
Kf8 29.c5 dxc5 30.Qe3 c4 31.Rd1 Qe7 32.Qf2 f6 33.Rh3 Kg7 34.Qe3 Rad8 35.
Rhh1 Rxd1+ 36.Rxd1 Rd8 37.Rxd8 Qxd8 38.Qa7+ Kh6 39.Qxa6 Nd3+ 40.Bxd3 Qxd3 
41.Qxc6 Qxc3+ 42.Kb1 Qd3+ 43.Kb2 Qd4+ 44.Kc2 Kh5 45.Qxb5 Qd3+ 46.Kc1 Qf1+ 
47.Kc2 Qxg2+ 48.Kc3 Qxe4 49.Qd7 g4 50.Qf7+ Kg5 51.Qg6+ Kf4 52.Qxf6 Qe5+ 
0-1

[Event "IRI zt"]
[Site "Iran"]
[Date "2000.??.??"]
[Round "4"]
[White "Alavi Moghaddam, Sayed Javad"]
[Black "Karimi, Hamid"]
[Result "1-0"]
[WhiteElo "2256"]
[BlackElo "2128"]
[EventDate "2000.??.??"]
[PlyCount "101"]

1.e4 c5 2.Nf3 Nc6 3.d4 cxd4 4.Nxd4 Nf6 5.Nc3 e6 6.Nxc6 bxc6 7.e5 Nd5 8.Ne4
Ba6 9.c4 Qh4 10.Qd4 Bb4+ 11.Kd1 Qh5+ 12.Be2 Qg6 13.cxd5 Bxe2+ 14.Kxe2 cxd5
15.Qxb4 dxe4 16.Kf1 f5 17.Be3 Kf7 18.Rd1 Rhd8 19.Qd2 h6 20.Qe2 Kg8 21.g3 
d5 22.exd6 e5 23.f4 exf3 24.Qxf3 Rab8 25.Qd5+ Qf7 26.Qxf7+ Kxf7 27.b3 Rbc8
28.Ke2 Rc2+ 29.Rd2 Rxd2+ 30.Kxd2 Rxd6+ 31.Ke2 a6 32.Rd1 Rc6 33.Rc1 Re6 34.
Rc7+ Kf6 35.Kf3 g5 36.Bc5 h5 37.Rd7 g4+ 38.Kf2 f4 39.Rd6 Rxd6 40.Bxd6 Kf5 
41.b4 Ke4 42.a4 f3 43.b5 axb5 44.axb5 Kd5 45.Be7 e4 46.Ke3 Ke6 47.Bc5 Kd5 
48.Be7 Ke6 49.b6 Kd7 50.Bc5 Kc6 51.Bd4 1-0

[Event "IRI zt"]
[Site "Iran"]
[Date "2000.??.??"]
[Round "4"]
[White "Mahjoob, Morteza"]
[Black "Noori, Alireza"]
[Result "1-0"]
[WhiteElo "2298"]
[BlackElo "2138"]
[EventDate "2000.??.??"]
[PlyCount "51"]

1.e4 e6 2.Qe2 b6 3.Nf3 Ne7 4.g3 d5 5.e5 Ng6 6.h4 Ba6 7.d3 c5 8.h5 Ne7 9.h6
g6 10.Bg5 Nd7 11.c4 Qc7 12.Nc3 Nf5 13.cxd5 Nd4 14.Nxd4 cxd4 15.d6 Qc5 16.
Ne4 Qa5+ 17.b4 Qxb4+ 18.Qd2 Qb5 19.Nf6+ Nxf6 20.Bxf6 Bxd6 21.exd6 O-O 22.
Bg2 Rac8 23.O-O Rc3 24.Be4 Rfc8 25.Qf4 Qd7 26.Be7 1-0

[Event "IRI zt"]
[Site "Iran"]
[Date "2000.??.??"]
[Round "4"]
[White "Mallahi, Amir"]
[Black "Ghaem Maghami, Ehsan"]
[Result "1/2-1/2"]
[WhiteElo "2350"]
[BlackElo "2446"]
[EventDate "2000.??.??"]
[PlyCount "21"]

1.e4 c5 2.Nf3 e6 3.d4 cxd4 4.Nxd4 a6 5.Bd3 Nf6 6.f4 d6 7.Qf3 g6 8.Be3 Bg7 
9.O-O O-O 10.Nd2 Nbd7 11.f5 1/2-1/2

[Event "IRI zt"]
[Site "Iran"]
[Date "2000.??.??"]
[Round "5"]
[White "Dehghani, Hamid"]
[Black "Mahjoob, Morteza"]
[Result "0-1"]
[WhiteElo "2246"]
[BlackElo "2298"]
[EventDate "2000.??.??"]
[PlyCount "76"]

1.e4 c5 2.f4 e6 3.Nf3 d5 4.Bb5+ Bd7 5.Bxd7+ Qxd7 6.exd5 Qxd5 7.Nc3 Qd6 8.
Ne5 Nc6 9.O-O Nxe5 10.fxe5 Qxe5 11.Qf3 O-O-O 12.d4 cxd4 13.Bf4 Qa5 14.Ne4 
f6 15.Qh3 Qd5 16.Rae1 Qd7 17.Qb3 e5 18.Bg3 h5 19.Rf3 Ne7 20.c3 h4 21.Bf2 
Nc6 22.Rd3 Be7 23.cxd4 exd4 24.Nd2 h3 25.gxh3 Bb4 26.Re4 Bxd2 27.Rxd2 Qxh3
28.Bg3 Rhe8 29.Qc2 Rxe4 30.Qxe4 Qd7 31.b4 d3 32.Kf1 Qd5 33.Qg4+ Rd7 34.Qh4
b5 35.Qf4 Kb7 36.a4 bxa4 37.b5 Qxb5 38.Kg2 a3 0-1

[Event "IRI zt"]
[Site "Iran"]
[Date "2000.??.??"]
[Round "5"]
[White "Ghorbani, Mohsen"]
[Black "Mallahi, Amir"]
[Result "0-1"]
[WhiteElo "2391"]
[BlackElo "2350"]
[EventDate "2000.??.??"]
[PlyCount "72"]

1.d4 d5 2.c4 e6 3.Nc3 c5 4.cxd5 exd5 5.Nf3 Nc6 6.g3 Nf6 7.Bg2 Be7 8.O-O 
O-O 9.b3 Bg4 10.Bb2 Re8 11.dxc5 Bxc5 12.Rc1 Bb6 13.Na4 Qe7 14.Rc2 Ba5 15.
e3 Nb4 16.Re2 Rad8 17.a3 Nc6 18.h3 Bh5 19.b4 Bc7 20.Rd2 a5 21.b5 Ne5 22.g4
Nxf3+ 23.Qxf3 Ne4 24.Rc2 Bg6 25.Qd1 Qd6 26.f4 Ng3 27.Qd4 f6 28.f5 Nxf1 29.
Kxf1 Bf7 30.b6 Bb8 31.Rc5 Qg3 32.Bc1 Be5 33.Qd2 d4 34.e4 Rc8 35.Rd5 Bxd5 
36.exd5 Bf4 0-1

[Event "IRI zt"]
[Site "Iran"]
[Date "2000.??.??"]
[Round "5"]
[White "Kanan Azer, Nasser"]
[Black "Alavi Moghaddam, Sayed Javad"]
[Result "0-1"]
[WhiteElo "2166"]
[BlackElo "2256"]
[EventDate "2000.??.??"]
[PlyCount "102"]

1.c4 Nf6 2.Nc3 g6 3.g3 Bg7 4.Bg2 c5 5.Nf3 d5 6.cxd5 Nxd5 7.O-O Nc6 8.Ng5 
e6 9.Nge4 Qe7 10.d3 Nxc3 11.bxc3 f5 12.Bg5 Qf8 13.Nd2 Bxc3 14.Rc1 Bd4 15.
e3 Bg7 16.d4 h6 17.Rxc5 hxg5 18.Rxc6 bxc6 19.Bxc6+ Kf7 20.Bxa8 Ba6 21.Bg2 
Bxf1 22.Bxf1 Qb8 23.Bc4 Rc8 24.Qa4 Qb7 25.Nb3 Bf8 26.Ba6 Qc6 27.Bb5 Qc7 
28.Bd7 Rb8 29.Bc6 Rb4 30.Be8+ Kf6 31.Qa6 Qb8 32.Bd7 Rb6 33.Qc4 Qd6 34.Qc5 
Be7 35.Be8 Qb8 36.Qe5+ Qxe5 37.dxe5+ Kxe5 38.Bxg6 Ra6 39.Bf7 Kf6 40.Be8 
Rxa2 41.Bd7 e5 42.f4 gxf4 43.gxf4 exf4 44.exf4 Bd6 45.h4 Bxf4 46.Kf1 Be3 
47.Bb5 a5 48.h5 a4 49.Na5 a3 50.Nc4 Ra1+ 51.Ke2 a2 0-1

[Event "IRI zt"]
[Site "Iran"]
[Date "2000.??.??"]
[Round "5"]
[White "Rezaei, Reza"]
[Black "Akbarinia, Sayed Arash"]
[Result "0-1"]
[WhiteElo "2220"]
[BlackElo "2173"]
[EventDate "2000.??.??"]
[PlyCount "134"]

1.e4 c5 2.Nf3 d6 3.d4 cxd4 4.Nxd4 Nf6 5.Nc3 a6 6.Be3 e5 7.Nb3 Be7 8.Bc4 
Qc7 9.Qe2 Nc6 10.O-O O-O 11.a4 Be6 12.a5 Nd4 13.Bxd4 Bxc4 14.Bb6 Bxe2 15.
Bxc7 Bxf1 16.Kxf1 Rac8 17.Bb6 Bd8 18.Be3 Ng4 19.Ke2 f5 20.exf5 Rxf5 21.Rd1
Rc6 22.Rd2 Rf7 23.Nd5 Nf6 24.Nb4 Rc4 25.c3 Rd7 26.f3 Kf7 27.Rd1 Rc8 28.g4 
h6 29.h4 Kg6 30.g5 hxg5 31.hxg5 Nh5 32.Nd3 Rf7 33.Nd2 Bxa5 34.Ne4 Bc7 35.
Nb4 Rd8 36.Nd5 Bb8 37.c4 Rh8 38.Ndc3 Nf4+ 39.Bxf4 Rxf4 40.Nxd6 Rh2+ 41.Ke1
Bxd6 42.Rxd6+ Kxg5 43.Ne4+ Rxe4+ 44.fxe4 Rxb2 45.Rd7 g6 46.Kd1 Kf4 47.Kc1 
Rb4 48.Kd2 Kxe4 49.Kc3 Rb6 50.Rd1 g5 51.Re1+ Kf5 52.Rf1+ Kg6 53.Kd3 Rd6+ 
54.Ke3 g4 55.Rb1 b6 56.Ke4 Kf6 57.Rb2 a5 58.Ke3 Kf5 59.Rf2+ Kg5 60.Rc2 Rc6
61.Ke4 Rc5 62.Rb2 Rxc4+ 63.Kxe5 Rb4 64.Rc2 g3 65.Rc8 Kg4 66.Rg8+ Kf3 67.
Rf8+ Kg2 0-1

[Event "IRI zt"]
[Site "Iran"]
[Date "2000.??.??"]
[Round "6"]
[White "Akhavan Rad, A"]
[Black "Karimi, Hamid"]
[Result "0-1"]
[WhiteElo "2252"]
[BlackElo "2128"]
[EventDate "2000.??.??"]
[PlyCount "50"]

1.e4 c5 2.Nc3 Nc6 3.f4 g6 4.Nf3 Bg7 5.Bb5 e6 6.Bxc6 bxc6 7.d3 d6 8.O-O Ne7
9.Qe1 O-O 10.Kh1 Ba6 11.Be3 c4 12.d4 Rb8 13.Rb1 Qa5 14.Qh4 Rb7 15.g4 d5 
16.f5 exf5 17.exf5 f6 18.Ne5 Rxb2 19.fxg6 hxg6 20.Rxb2 Qxc3 21.Bc1 fxe5 
22.Rxf8+ Bxf8 23.Kg2 Qxd4 24.Qg5 Qe4+ 25.Kg3 Qe1+ 0-1

[Event "IRI zt"]
[Site "Iran"]
[Date "2000.??.??"]
[Round "6"]
[White "Alavi Moghaddam, Sayed Javad"]
[Black "Mallahi, Amir"]
[Result "0-1"]
[WhiteElo "2256"]
[BlackElo "2350"]
[EventDate "2000.??.??"]
[PlyCount "138"]

1.e4 c5 2.Nf3 Nc6 3.Bb5 Qc7 4.d3 a6 5.Bxc6 Qxc6 6.Nc3 g6 7.O-O Bg7 8.Bf4 
d6 9.h3 e5 10.Be3 Ne7 11.Nd2 O-O 12.f4 exf4 13.Bxf4 d5 14.exd5 Nxd5 15.
Nxd5 Qxd5 16.Nc4 Be6 17.Nb6 Qd4+ 18.Kh1 Ra7 19.c3 Qd8 20.Nc4 b5 21.Ne5 Bd5
22.Nf3 Re8 23.Qd2 Rae7 24.Ng1 Qd7 25.Kh2 Bc6 26.Qf2 Qd5 27.a3 Bf6 28.Rad1 
Bh4 29.Bg3 Bg5 30.Qf3 Qd7 31.Qg4 Qxg4 32.hxg4 Rd7 33.Nf3 Bf6 34.Rd2 h6 35.
Re1 Rxe1 36.Bxe1 Rd5 37.Bf2 Bd7 38.Kg3 Bd8 39.Be3 Kg7 40.c4 Bc7+ 41.Kf2 
bxc4 42.dxc4 Rxd2+ 43.Nxd2 Be5 44.b3 Bxg4 45.Bxc5 Kf6 46.b4 Bd7 47.Bf8 Kf5
48.Bxh6 Bb2 49.Nb3 Bxa3 50.b5 axb5 51.cxb5 Ke4 52.b6 Kd5 53.b7 Bd6 54.Na5 
f6 55.Bg7 Ke6 56.Bf8 Bb8 57.Bc5 Bb5 58.Be3 Kd7 59.Bd4 f5 60.Be3 f4 61.Bd4 
Ke6 62.Kf3 Kf5 63.Bf2 Ba4 64.Bc5 g5 65.Kf2 Bb5 66.Nb3 Ke4 67.Nd4 Bd7 68.
Bb6 g4 69.Nb3 g3+ 0-1

[Event "IRI zt"]
[Site "Iran"]
[Date "2000.??.??"]
[Round "6"]
[White "Mahjoob, Morteza"]
[Black "Ghane Gardeh, Shojaat"]
[Result "1-0"]
[WhiteElo "2298"]
[BlackElo "2313"]
[EventDate "2000.??.??"]
[PlyCount "91"]

1.e4 e6 2.d4 d5 3.Nd2 Nf6 4.e5 Nfd7 5.Ngf3 c5 6.c4 Nc6 7.cxd5 exd5 8.Bd3 
cxd4 9.O-O Nc5 10.Bb5 Bg4 11.h3 Bxf3 12.Nxf3 Ne6 13.Nxd4 Qb6 14.Nxc6 bxc6 
15.Ba4 O-O-O 16.b4 Qd4 17.Bd2 Qxe5 18.Bxc6 Bd6 19.f4 Qd4+ 20.Kh1 Bc7 21.
Rc1 Rd6 22.f5 Nd8 23.Ba4 f6 24.Bf4 Qb6 25.Re1 Rc6 26.Bxc6 Bxf4 27.Bxd5+ 
Bxc1 28.Qxc1+ Qc7 29.Qe3 Kb8 30.Qc5 g6 31.Re7 Qb6 32.a4 gxf5 33.a5 Qxc5 
34.bxc5 a6 35.c6 h5 36.c7+ Kc8 37.cxd8=Q+ Rxd8 38.Bb7+ Kb8 39.Bxa6 Rd1+ 
40.Kh2 Ra1 41.Rb7+ Ka8 42.Rb5 Ka7 43.Bb7 h4 44.a6 f4 45.Rf5 f3 46.Rxf3 1-0

[Event "IRI zt"]
[Site "Iran"]
[Date "2000.??.??"]
[Round "6"]
[White "Noori, Alireza"]
[Black "Dehghani, Hamid"]
[Result "1-0"]
[WhiteElo "2138"]
[BlackElo "2246"]
[EventDate "2000.??.??"]
[PlyCount "69"]

1.e4 c5 2.Nc3 Nc6 3.g3 g6 4.Bg2 Bg7 5.Nge2 Nf6 6.d3 O-O 7.O-O e5 8.h3 d6 
9.Bg5 Be6 10.Qd2 b5 11.Bh6 Nd4 12.Bxg7 Kxg7 13.f4 b4 14.Nd1 Rb8 15.f5 Bd7 
16.g4 Nxe2+ 17.Qxe2 h6 18.Ne3 g5 19.Bf3 Ne8 20.Kg2 f6 21.h4 Rh8 22.Rh1 Nc7
23.Rh3 Bc6 24.Kg3 Qe7 25.Rah1 Rh7 26.hxg5 fxg5 27.f6+ Qxf6 28.Nf5+ Kf7 29.
Rxh6 Rxh6 30.Rxh6 Rh8 31.Nxd6+ Kg7 32.Rxf6 Kxf6 33.Nc4 Ne6 34.Bg2 Nf4 35.
Qf2 1-0

[Event "IRI zt"]
[Site "Iran"]
[Date "2000.??.??"]
[Round "6"]
[White "Rezaei, Reza"]
[Black "Kanan Azer, Nasser"]
[Result "1-0"]
[WhiteElo "2220"]
[BlackElo "2166"]
[EventDate "2000.??.??"]
[PlyCount "99"]

1.Nf3 Nf6 2.d4 d5 3.c4 c6 4.g3 Bf5 5.Bg2 e6 6.O-O Nbd7 7.Nc3 h6 8.Nd2 Be7 
9.e4 dxe4 10.Ndxe4 O-O 11.Re1 Rc8 12.Bf4 Nb6 13.c5 Nxe4 14.Bxe4 Bxe4 15.
Nxe4 Nd5 16.Bd6 b5 17.Qf3 a5 18.Bxe7 Qxe7 19.Nd6 Ra8 20.Nxb5 Qb7 21.Nc3 
Qxb2 22.Nxd5 cxd5 23.Qd3 Qb7 24.Rab1 Qc7 25.Rb6 Ra7 26.Qb5 Rc8 27.a4 Qe7 
28.Rb8 Rxb8 29.Qxb8+ Kh7 30.Rb1 Rc7 31.Qb5 e5 32.Re1 e4 33.Qxa5 Ra7 34.Qb5
Qf6 35.Qb6 Rxa4 36.Qxf6 gxf6 37.Rc1 Ra7 38.c6 Rc7 39.Kf1 f5 40.Ke2 Kg6 41.
Ke3 Kf6 42.h4 Ke7 43.Kf4 Kf6 44.Rc2 Ke6 45.h5 Kf6 46.Rc1 Ke6 47.Rc5 Kf6 
48.Rxd5 Rxc6 49.Rxf5+ Kg7 50.Kxe4 1-0

[Event "IRI zt"]
[Site "Iran"]
[Date "2000.??.??"]
[Round "7"]
[White "Afshari, Mhamadreza"]
[Black "Akhavan Rad, A"]
[Result "1/2-1/2"]
[WhiteElo "2304"]
[BlackElo "2252"]
[EventDate "2000.??.??"]
[PlyCount "127"]

1.e4 e5 2.Nf3 Nc6 3.d4 exd4 4.c3 dxc3 5.Bc4 cxb2 6.Bxb2 d6 7.Nc3 Be7 8.Qb3
Nh6 9.Nd5 O-O 10.Qc3 Bf6 11.Nxf6+ Qxf6 12.Qxf6 gxf6 13.Bxf6 Ng4 14.Bc3 Be6
15.Be2 Nge5 16.Nd2 f5 17.O-O f4 18.a4 a5 19.Rab1 b6 20.Rfc1 Rf7 21.f3 h5 
22.g3 Rg7 23.Kf2 Rf8 24.Ba1 Nb4 25.Rg1 Kh7 26.Bc3 Nbc6 27.gxf4 Rxf4 28.
Rxg7+ Kxg7 29.Ke3 Rh4 30.f4 Rxh2 31.fxe5 Rh3+ 32.Nf3 dxe5 33.Rg1+ Bg4 34.
Kf2 Kf6 35.Rg3 Rh1 36.Bf1 Ke6 37.Kg2 Bxf3+ 38.Rxf3 Rh4 39.Bc4+ Kd6 40.Bb5 
Nd4 41.Bxd4 exd4 42.Rf5 Rxe4 43.Rxh5 Re6 44.Bc4 Re5 45.Rh6+ Kc5 46.Bb5 Kb4
47.Rc6 Rc5 48.Rh6 Rxb5 49.axb5 Kxb5 50.Kf3 a4 51.Ke4 a3 52.Kd3 Kb4 53.Rh1 
a2 54.Kc2 c5 55.Kb2 c4 56.Kxa2 d3 57.Kb1 b5 58.Rh5 c3 59.Rh3 Kc4 60.Rh4+ 
Kb3 61.Kc1 b4 62.Rg4 d2+ 63.Kd1 Ka3 64.Rc4 1/2-1/2

[Event "IRI zt"]
[Site "Iran"]
[Date "2000.??.??"]
[Round "7"]
[White "Ghaem Maghami, Ehsan"]
[Black "Alavi Moghaddam, Sayed Javad"]
[Result "1-0"]
[WhiteElo "2446"]
[BlackElo "2256"]
[EventDate "2000.??.??"]
[PlyCount "55"]

1.c4 Nf6 2.Nc3 g6 3.g3 Bg7 4.Bg2 O-O 5.d4 d6 6.Nf3 Nbd7 7.O-O e5 8.e4 c6 
9.h3 Re8 10.d5 cxd5 11.cxd5 b5 12.b4 Nb6 13.Qd3 Bd7 14.Bg5 Nc4 15.Nd2 Rc8 
16.Nxc4 Rxc4 17.Nxb5 Bxb5 18.a4 Ba6 19.Be3 Qc7 20.b5 Bb7 21.Bxa7 Rc8 22.a5
Rc3 23.Qb1 Ra8 24.a6 Rc4 25.b6 Qc8 26.axb7 Qxb7 27.Re1 Nd7 28.Bf1 1-0

[Event "IRI zt"]
[Site "Iran"]
[Date "2000.??.??"]
[Round "7"]
[White "Ghane Gardeh, Shojaat"]
[Black "Noori, Alireza"]
[Result "1-0"]
[WhiteElo "2313"]
[BlackElo "2138"]
[EventDate "2000.??.??"]
[PlyCount "85"]

1.d4 Nf6 2.c4 e6 3.Nf3 Bb4+ 4.Bd2 c5 5.Bxb4 cxb4 6.Nbd2 O-O 7.e3 d5 8.Bd3 
Nc6 9.cxd5 exd5 10.O-O b6 11.Qa4 Bb7 12.Rac1 Qd6 13.Nh4 Ne7 14.Nf5 Nxf5 
15.Bxf5 g6 16.Bh3 Rfe8 17.Rc2 h5 18.Rfc1 Ng4 19.Nf3 f6 20.Rc7 Re7 21.Rxe7 
Qxe7 22.Qc2 Kg7 23.Nh4 f5 24.Qxf5 gxf5 25.Nxf5+ Kf6 26.Nxe7 Re8 27.Nc6 Rc8
28.f3 Kg5 29.g3 Rxc6 30.Rxc6 Bxc6 31.fxg4 hxg4 32.Bg2 a5 33.Kf2 a4 34.Ke1 
Kf5 35.Kd2 Kg5 36.Bf1 Kf5 37.Ba6 Ke4 38.Ke2 Kf5 39.Bc8+ Kg5 40.Kd2 Bb5 41.
Be6 Bc4 42.a3 bxa3 43.bxa3 1-0

[Event "IRI zt"]
[Site "Iran"]
[Date "2000.??.??"]
[Round "7"]
[White "Ghorbani, Mohsen"]
[Black "Akbarinia, Sayed Arash"]
[Result "0-1"]
[WhiteElo "2391"]
[BlackElo "2173"]
[EventDate "2000.??.??"]
[PlyCount "124"]

1.d4 d5 2.Nf3 e6 3.c4 Nf6 4.g3 b6 5.Bg2 Bb7 6.O-O Nbd7 7.Bf4 dxc4 8.Qa4 a6
9.Qxc4 c5 10.dxc5 Bxc5 11.Nc3 O-O 12.b4 Be7 13.Rfd1 Nd5 14.Nxd5 Bxd5 15.
Qd3 Nf6 16.a3 b5 17.Be5 h6 18.Qd4 Rc8 19.Qb2 Qb6 20.Nd4 Bxg2 21.Kxg2 Qb7+ 
22.Nf3 Rc4 23.Rac1 Rfc8 24.Rxc4 Rxc4 25.Kg1 Qe4 26.Ne1 Qf5 27.Nd3 Ng4 28.
f3 Ne3 29.Rc1 Rxc1+ 30.Qxc1 Nc4 31.Bd4 Bg5 32.Qc3 Bd2 33.Qc2 e5 34.Bf2 Qh3
35.e4 Kh7 36.a4 Ne3 37.Bxe3 Bxe3+ 38.Nf2 bxa4 39.Qxa4 Bxf2+ 40.Kxf2 Qxh2+ 
41.Ke3 Qxg3 42.Qxa6 Qe1+ 43.Qe2 Qxb4 44.Kf2 Qe7 45.Qc4 Qh4+ 46.Kg2 Qf4 47.
Qc8 h5 48.Kf2 g5 49.Qh3 h4 50.Ke2 Kg7 51.Kd3 Kg6 52.Ke2 f5 53.exf5+ Qxf5 
54.Qh1 h3 55.Qc1 h2 56.Qc6+ Kh5 57.Qe8+ Kh4 58.Kf2 Qc2+ 59.Ke3 Qc1+ 60.Ke2
h1=Q 61.Qh8+ Kg3 62.Qxe5+ Kg2 0-1

[Event "IRI zt"]
[Site "Iran"]
[Date "2000.??.??"]
[Round "7"]
[White "Mallahi, Amir"]
[Black "Mahjoob, Morteza"]
[Result "1-0"]
[WhiteElo "2350"]
[BlackElo "2298"]
[EventDate "2000.??.??"]
[PlyCount "67"]

1.e4 c5 2.Nf3 e6 3.d4 cxd4 4.Nxd4 a6 5.Bd3 Bc5 6.Nb3 Ba7 7.O-O Nc6 8.Nc3 
Nge7 9.Kh1 b5 10.f4 O-O 11.e5 f5 12.exf6 Rxf6 13.Ne4 Rf8 14.Nd6 Qc7 15.a4 
b4 16.Nxc8 Qxc8 17.Qe2 Nd4 18.Nxd4 Bxd4 19.Qe4 Nf5 20.g4 d5 21.Qe2 Nd6 22.
Bd2 Bxb2 23.Rab1 Bc3 24.Bxc3 bxc3 25.Rb6 Nc4 26.Rxe6 Nd2 27.Re1 Qc7 28.Re5
Qc6 29.f5 Qxa4 30.Re7 Qd4 31.h3 a5 32.g5 Qf4 33.f6 g6 34.Qe6+ 1-0

[Event "Namangan zt"]
[Site "Namangan"]
[Date "2000.??.??"]
[Round "?"]
[White "Kasimdzhanov, Rustam"]
[Black "Vladimirov, Evgeny"]
[Result "1-0"]
[WhiteElo "2614"]
[BlackElo "2586"]
[EventDate "2000.??.??"]
[PlyCount "87"]

1.e4 e5 2.Nf3 Nc6 3.d4 exd4 4.Nxd4 Qh4 5.Nc3 Bb4 6.Be2 Nf6 7.O-O Bxc3 8.
Nf5 Qxe4 9.Bd3 Qg4 10.f3 Qa4 11.bxc3 Kf8 12.Qe1 Ne8 13.Qg3 d6 14.Nxg7 Rg8 
15.Bh6 Rxg7 16.Rae1 Ne5 17.f4 Nxd3 18.cxd3 Bf5 19.h3 Qb5 20.Rxe8+ Kxe8 21.
Qxg7 Bxd3 22.Re1+ Kd7 23.Qxf7+ Kc6 24.Kh2 Bc4 25.Qxh7 Bxa2 26.Re7 Rc8 27.
Qe4+ Kb6 28.f5 Bd5 29.Qd4+ Kc6 30.f6 Rg8 31.Bg7 Qf1 32.Qg4 Kb6 33.h4 a5 
34.h5 c5 35.h6 Qd3 36.f7 Bxf7 37.Rxf7 Re8 38.Qd7 Qe4 39.Qxd6+ Kb5 40.Qd7+ 
Ka6 41.Qf5 Qh4+ 42.Qh3 Qe4 43.h7 a4 44.h8=Q 1-0

[Event "Vung Tau zt 3.2a"]
[Site "Vung Tau"]
[Date "2000.05.21"]
[Round "1"]
[White "Dao, Thien Hai"]
[Black "Tu, Hoang Thai"]
[Result "1-0"]
[WhiteElo "2550"]
[BlackElo "2269"]
[EventDate "2000.05.21"]
[PlyCount "115"]

1.d4 d6 2.c4 e5 3.Nf3 e4 4.Ng5 f5 5.Nc3 Nf6 6.g3 c6 7.Nh3 g6 8.Nf4 Na6 9.
Bg2 Qe7 10.h4 Qf7 11.d5 Be7 12.f3 exf3 13.Bxf3 Bd7 14.dxc6 bxc6 15.Nb5 
Qxc4 16.Nxd6+ Bxd6 17.Qxd6 Qb4+ 18.Qxb4 Nxb4 19.O-O Ne4 20.Kg2 Rb8 21.Nd3 
O-O 22.Bxe4 fxe4 23.Rxf8+ Kxf8 24.Bf4 Nc2 25.Bxb8 Nxa1 26.Ne1 a5 27.b3 Be6
28.Be5 Nxb3 29.axb3 Bxb3 30.Kf2 Kf7 31.Ke3 Bc4 32.Nc2 Bb3 33.Na3 Bd5 34.
Bc7 a4 35.Kd4 Ke6 36.Nc2 Bb3 37.Ne3 a3 38.Ba5 a2 39.Bc3 Ba4 40.Kxe4 Bb5 
41.Ng2 Kd6 42.Nf4 Kc5 43.Ke3 Bc4 44.Nd3+ Kb5 45.Kd4 c5+ 46.Ke3 Be6 47.Kd2 
Bf5 48.Nf2 Kc4 49.e4 Bc8 50.Nd3 Bb7 51.Ne5+ Kb5 52.Kd3 Ba6 53.g4 Ka4+ 54.
Kd2 Bb7 55.Nd7 Bc6 56.Nf6 h5 57.gxh5 gxh5 58.e5 1-0

[Event "Vung Tau zt 3.2a"]
[Site "Vung Tau"]
[Date "2000.05.21"]
[Round "1"]
[White "Ismail, Ahmad"]
[Black "Hoang, Thanh Trang"]
[Result "0-1"]
[WhiteElo "2072"]
[BlackElo "2448"]
[EventDate "2000.05.21"]
[PlyCount "88"]

1.d4 f5 2.Bg5 g6 3.Nf3 Bg7 4.h4 Nf6 5.h5 Nxh5 6.Rxh5 gxh5 7.e4 fxe4 8.Ne5 
O-O 9.Nc3 c6 10.Qxh5 Qe8 11.Qh4 d6 12.Ng4 Qg6 13.Be2 Bxg4 14.Bxg4 Bf6 15.
Bxf6 Qxf6 16.Qxf6 exf6 17.Bf5 d5 18.Kd2 Re8 19.Ne2 Na6 20.Nf4 Nc7 21.Rh1 
Re7 22.g4 Nb5 23.Be6+ Kg7 24.Nh5+ Kf8 25.Bf5 Nxd4 26.Nxf6 Nxf5 27.gxf5 Rf7
28.Ng4 Ke7 29.Nh6 Rg7 30.Ke3 Rf8 31.Rh2 Rg1 32.Kf4 Kf6 33.Rh5 Rh8 34.Ng4+ 
Rxg4+ 35.Kxg4 Ke5 36.f4+ Kf6 37.Rh6+ Kf7 38.f6 d4 39.Kf5 e3 40.b4 e2 41.
Rh1 h5 42.Re1 Re8 43.Kg5 b6 44.Kxh5 c5 0-1

[Event "Vung Tau zt 3.2a"]
[Site "Vung Tau"]
[Date "2000.05.21"]
[Round "1"]
[White "Mok, Tze Meng"]
[Black "Antonio, Rogelio Jr"]
[Result "0-1"]
[WhiteElo "2270"]
[BlackElo "2551"]
[EventDate "2000.05.21"]
[PlyCount "92"]

1.e4 c6 2.Nf3 d5 3.Nc3 Bg4 4.h3 Bxf3 5.Qxf3 e6 6.d3 Nd7 7.g3 g6 8.Bg2 Bg7 
9.O-O Ne7 10.Qe2 O-O 11.a4 a5 12.Bg5 Re8 13.Rfe1 dxe4 14.dxe4 Qb6 15.Nd1 
h6 16.Be3 Qc7 17.Ra3 Rad8 18.f4 Nc8 19.Rd3 e5 20.b3 Nf8 21.f5 Rxd3 22.cxd3
Nd7 23.Nf2 Qd6 24.Qd2 Nc5 25.Rb1 gxf5 26.exf5 b6 27.Ne4 Qxd3 28.Qxd3 Nxd3 
29.Bxh6 Bxh6 30.Nf6+ Kf8 31.Nxe8 Kxe8 32.Bxc6+ Ke7 33.Kf1 Nd6 34.g4 Bg5 
35.Ke2 Nb4 36.Bg2 e4 37.Rh1 f6 38.h4 Bh6 39.Rd1 Na2 40.Rd4 Nc1+ 41.Kf1 
Nxb3 42.Rd5 Nd2+ 43.Ke1 N2c4 44.Bh3 Bf4 45.Kf2 e3+ 46.Ke2 Ne4 0-1

[Event "Vung Tau zt 3.2a"]
[Site "Vung Tau"]
[Date "2000.05.21"]
[Round "1"]
[White "Torre, Eugenio"]
[Black "Simanjuntak, Sebastian"]
[Result "1/2-1/2"]
[WhiteElo "2557"]
[BlackElo "2313"]
[EventDate "2000.05.21"]
[PlyCount "62"]

1.d4 d5 2.Bg5 g6 3.e3 Bg7 4.c4 c6 5.Nc3 Nf6 6.cxd5 Nxd5 7.Nf3 O-O 8.Bc4 
Be6 9.Qb3 Nxc3 10.bxc3 Bxc4 11.Qxc4 Nd7 12.O-O Nf6 13.Rab1 Ne4 14.Bf4 Qd7 
15.Qd3 f5 16.Ne5 Bxe5 17.Bxe5 b6 18.f3 Nd6 19.e4 fxe4 20.fxe4 Qe6 21.Qe2 
Rxf1+ 22.Rxf1 Rf8 23.Rxf8+ Kxf8 24.h3 b5 25.Qf3+ Ke8 26.Bxd6 Qxd6 27.Qg4 
Kd8 28.Qf3 Ke8 29.Qd3 a6 30.Kh1 Qf4 31.Qc2 Kd7 1/2-1/2

[Event "Vung Tau zt 3.2a"]
[Site "Vung Tau"]
[Date "2000.05.21"]
[Round "1"]
[White "Tran, Ngoc Thach"]
[Black "Myo, Naing"]
[Result "1-0"]
[WhiteElo "2248"]
[BlackElo "2545"]
[EventDate "2000.05.21"]
[PlyCount "59"]

1.d4 Nf6 2.c4 c5 3.d5 e6 4.Nc3 exd5 5.cxd5 d6 6.Nf3 g6 7.Bf4 a6 8.a4 Bg7 
9.h3 O-O 10.e3 Qe7 11.Nd2 Nh5 12.Bh2 Nd7 13.Be2 Nhf6 14.O-O Ne8 15.Nc4 b6 
16.Ra3 Rb8 17.Rb3 f5 18.Re1 Rf7 19.Bf3 Ne5 20.Rxb6 Rxb6 21.Nxb6 Bb7 22.Be2
Qc7 23.a5 Re7 24.e4 fxe4 25.Nxe4 Nd7 26.Ng5 Qb8 27.Ne6 Nef6 28.Nxc5 Re8 
29.Nxb7 Qxb7 30.Bxd6 1-0

[Event "Vung Tau zt 3.2a"]
[Site "Vung Tau"]
[Date "2000.05.21"]
[Round "1"]
[White "Wynn, Zaw Htung"]
[Black "Surendorj, Handsuren"]
[Result "1-0"]
[WhiteElo "2524"]
[BlackElo "2214"]
[EventDate "2000.05.21"]
[PlyCount "52"]

1.e4 e5 2.Nf3 Nc6 3.d4 exd4 4.Nxd4 Bc5 5.Nb3 Bb6 6.a4 Qh4 7.Qe2 Nf6 8.a5 
Nd4 9.Nxd4 Bxd4 10.Ra4 c5 11.c3 Be5 12.g3 Qg4 13.f4 Qxe2+ 14.Bxe2 Bc7 15.
e5 Nd5 16.Be3 Ne7 17.Na3 O-O 18.O-O Nc6 19.Nb5 Bxa5 20.Bxc5 Rd8 21.b4 a6 
22.Rxa5 Nxa5 23.Nc7 b6 24.Nxa8 bxc5 25.bxa5 d6 26.exd6 Rxd6 1-0